Vybrané aspekty financovania vysokého školstva na Slovensku

Modely financovania vysokého školstva vo svete. Anglo-americký systém. Švédsky daňovo-dotačný systém. Austrálsky systém HECS. Financovanie vysokých škôl na Slovensku. Systém viaczdrojového financovania. Objem domácich a zahraničných grantov v rokoch 2000-2006. Kladný výsledok hospodárenia z podnikat...

Descripción completa

Guardado en:
Detalles Bibliográficos
Autor principal: Jurková, Jana
Formato: Capítulo de libro
Lenguaje:eslovaco
Materias:
Etiquetas: Agregar Etiqueta
Sin Etiquetas, Sea el primero en etiquetar este registro!

MARC

LEADER 00000nla$a2200000$$$4500
001 0082436
005 20240502071927.2
041 0 |a slo 
044 |a SK 
245 1 0 |a Vybrané aspekty financovania vysokého školstva na Slovensku  |c Jana Jurková 
520 |a Modely financovania vysokého školstva vo svete. Anglo-americký systém. Švédsky daňovo-dotačný systém. Austrálsky systém HECS. Financovanie vysokých škôl na Slovensku. Systém viaczdrojového financovania. Objem domácich a zahraničných grantov v rokoch 2000-2006. Kladný výsledok hospodárenia z podnikateľskej činnosti v rokoch 2000-2004. 
610 2 0 |a vzdelávanie vysokoškolské 
610 2 0 |a školy vysoké 
610 2 0 |a univerzity 
610 2 0 |a financovanie 
610 2 0 |a Slovensko 
610 2 0 |a svet 
100 1 |a Jurková, Jana